00805nam a2200217 a 450000100100000000500170001000800410002704000250006808200170009310000360011024500770014626000280022330000210025149000160027250000620028865000430035065000390039383000230043295201150045599900170057000004361920201002044901.0140331s1970 sp 000 0 spa d aDO-SdBNPbspacBNPHU a821.6bS425m1 aScott, Walterd1771-183297143810aLa maga de la montaña :bLos desposorios de triermain /cWalter Scott. aMadrid :bLibra,c1970. a187 p. ;c17 cm.1 aPurpurav13 aDos obras encuadernadas juntas con paginación continua. 4aLiteratura inglesaySIGLO XVIII971439 4aNovela inglesaySIGLO XVIII971440 0aPurpuran13971441 001050718MOaGRbGRcCTd2014-03-31iLF1l0o821.6 S425mp43619-10r2020-06-25w2020-06-25y1ZNo se presta c43108d43108